00670 2200253 4500001002100000005001700021008004100038020001800079035002500097082001300122090002300135100001900158245003800177250001200215260003300227300002900260500003100289500001100320650001900331850001200350990001800362990001800380990001800398YOGYA-0209000004088220150420122558.0 ind  a0-07-137338-1 a0010-020900000040882 a575.7605 aRQ 575.7605bDun N aDUNNE, Lavon J aNutrition almanaccLavon J. Dunne a5 th.ed aNew YorkbMc Graw-Hillc2002 aix, 291 hlmbilusc28 cm aBibliografi : hlm. 265-266 aIndeks aGizi - Almanak aYOPDYOG a32564-PD/B.07 a32568-PD/B.07 a32569-PD/B.07